Score 0/35 Timer 06:00
4 Plays Today
Regions Country % Correct
Nebraska, Georgia, IdahoUnited States
99.3%
New Brunswick, Nunavut, AlbertaCanada
96.5%
Essex, Aberdeenshire, GwyneddUnited Kingdom
94.7%
Canterbury, Auckland, Bay of PlentyNew Zealand
92.5%
Suez, Aswan, GizaEgypt
92%
Kanagawa, Fukushima, KumamotoJapan
86.8%
Hesse, Brandenburg, HamburgGermany
82.3%
Gauteng, KwaZulu-Natal, Western CapeSouth Africa
82.1%
Veracruz, Chihuahua, GuerreroMexico
80.8%
Guangdong, Qinghai, LiaoningChina
79%
Mecca, Riyadh, JīzānSaudi Arabia
78.9%
Hải Phòng, An Giang, Ninh BinhVietnam
78.8%
Punjab, Balochistan, SindhPakistan
77.8%
Corsica, Normandy, OccitanieFrance
76.7%
Thessaly, Attica, PeloponneseGreece
76%
Donegal, Limerick, MeathIreland
75%
Västra Götaland, Östergötland, HallandSweden
73.1%
Primorsky Krai, Kemerovo, RostovRussia
66.9%
Regions Country % Correct
Flemish Brabant, Namur, LimburgBelgium
66.8%
Pirkanmaa, Lapland, UusimaaFinland
64.5%
Cerkasy Oblast, Kirovohrad Oblast, Odessa OblastUkraine
64.5%
Mendoza, La Pampa, CatamarcaArgentina
63.3%
Flevoland, Utrecht, LimburgNetherlands
61.7%
Áncash, Cusco, TumbesPeru
45.3%
Nakhon Ratchasima, Nakhon Si Thammarat, Khon KaenThailand
42.1%
Csongrád, Pest, Jász-Nagykun-SzolnokHungary
41.7%
Yazd, Fārs, KermānIran
30.9%
Dodoma, Lindi, MtwaraTanzania
29.2%
Kwango, Tanganyika, TshopoDemocratic Republic of the Congo
25.2%
Antsinanana, Bongolava, AnalamangaMadagascar
24.8%
Camagüey, Pinar del Río, Ciego de ÁvilaCuba
20.2%
Kano, Oyo, KatsinaNigeria
19.3%
Iasi, Prahova, DoljRomania
15.4%
Zulia, Carabobo, MirandaVenezuela
13.1%
Tigray, Amara, GambelaEthiopia
11.1%

You're not logged in!

Compare scores with friends on all Sporcle quizzes.
OR
Log In

Sporcle TV

Today on Sporcle TV


Watch our educational content, quiz creation guides, and fun videos on Sporcle TV.

Show Comments

Extras

Top Quizzes Today


Score Distribution

Paid Content

Your Account Isn't Verified!

In order to create a playlist on Sporcle, you need to verify the email address you used during registration. Go to your Sporcle Settings to finish the process.

Report this User

Report this user for behavior that violates our Community Guidelines.

Details: